| 000 | 00714nam a22002172 4500 | ||
|---|---|---|---|
| 001 | 0000004818 | ||
| 005 | 20151021151104.0 | ||
| 008 | 070530s xx 000 0 eng d | ||
| 020 |
_a8180542238 : _cKES 445 |
||
| 040 |
_aKABU _cKABU |
||
| 050 | 0 |
_aHF1416.6 _b.I4V37 2004 |
|
| 100 | 1 |
_aVarshney, R. L. _@0000155650 |
|
| 245 | 1 | 0 |
_aInternational marketing management : _ban Indian perspective / _cR. L. Varshney, B. Bhattacharyya. |
| 260 |
_aNew Delhi : _bSultan Chand, _c2004. |
||
| 300 | _axvi, 552 p. | ||
| 650 | 0 |
_aExport marketing _zIndia. _@0000155651 |
|
| 700 | 1 |
_aBhattacharyya, B. _@0000155652 |
|
| 908 | _a070530 | ||
| 950 | _@1 | ||
| 999 |
_c552 _d552 |
||